Największe państwa na literę R - Statystyki

Ogólne statystyki
  • Ten quiz został rozwiązany 38 razy
  • Średni wynik to 4 z 5
Statystyki odpowiedzi
Powierzchnia (km²) Miejsce na świecie
pod względem powierzchni
Powierzchnia % Poprawnych
17 098 242 1 Rosja
100%
1 219 090 24 Republika Południowej Afryki
92%
238 391 81 Rumunia
86%
26 338 144 Rwanda
78%
622 984 43 Republika Środkowoafrykańska
62%
Nie znaleziono quizów pasujących do podanych kryteriów
Rozkład punktacji
Procent ludzi z każdym wynikiem
Percentyl według liczby udzielonych odpowiedzi
Twoja historia wyników
Nie rozwiązałeś tego quizu